| 000 | 01330nam a2200313Ia 4500 | ||
|---|---|---|---|
| 003 | OSt | ||
| 005 | 20250711142343.0 | ||
| 008 | 191128s2008 sp jr 000 f spa d | ||
| 020 | _a9788467531411 | ||
| 040 |
_aCO-JMCR _cCO-JMCR |
||
| 041 | 1 |
_aspa _heng |
|
| 082 | 0 | 4 |
_aN _2DESn |
| 100 | 1 | 0 |
_aDesplechin, Marie, _eautora _9991 |
| 245 | 1 | 0 |
_aNunca contenta / _cMarie Desplechin ; traducción de Isabelle Marc Martínez |
| 260 |
_aMadrid : _bEdiciones S, _c2008 |
||
| 300 |
_a129 páginas ; _c19 cm. |
||
| 490 | 0 |
_aEl diario de aurora ; _v1 |
|
| 500 | _aIncluye datos biográficos de la autora. | ||
| 520 | _a¿Por qué la gente pierde el tiempo leyendo? ¿Por qué perder el tiempo leyendo si puede ser uno el que escribe? Aurora lo tiene claro. Va a escribir un diario con todo lo que le ocurra y no piensa cortarse ni un pelo. Solo tiene que esconderlo bien para que no lo lean sus hermanos ni padres. | ||
| 521 |
_aA partir de 12 años _bTapa posterior |
||
| 534 | _pJamais contente: le journal d' Aurore | ||
| 546 | _aTraducido del francés | ||
| 650 | 1 | 4 |
_aNovela juvenil francesa _9992 |
| 650 | 1 | 4 |
_aArte de escribir _xNovela juvenil _9993 |
| 650 | 1 | 4 |
_aDiarios _xnovela juvenil _9994 |
| 650 | 1 | 4 |
_aAutores _xnovela juvenil _9995 |
| 700 | 1 |
_aMarc Martínez, Isabelle, _etraductora _9996 |
|
| 942 |
_2ddc _cBK |
||
| 999 |
_c4615 _d4615 |
||